| 000 | 00648nam a2200205Ia 4500 | ||
|---|---|---|---|
| 003 | OSt | ||
| 005 | 20240821160246.0 | ||
| 008 | 210210b1972 xxu||||| |||| 00| 0 eng d | ||
| 040 | _cAL | ||
| 041 | _aKannada | ||
| 082 | _a530K SANB | ||
| 100 |
_aSANJIVAYYA (B) & others. _dಸಂಜೀವಯ್ಯ (ಬಿ) ಮತ್ತು ಇತರರು _9177726 |
||
| 245 |
_aBhautavijnana parichaya. V1 _bಭೌತವಿಜ್ಞಾನ ಪರಿಚಯ. V1 |
||
| 260 |
_aMaisuru _bKannada Adhyayana Samthe _c1972 |
||
| 300 | _aviii,640 | ||
| 650 |
_aBhautavijnana parichaya V1 _9177727 |
||
| 690 |
_aPhysics _9177728 |
||
| 906 | _aSG00207 | ||
| 942 |
_2ddc _cBK |
||
| 999 |
_c111717 _d111717 |
||